| 000 | 01062nam2a22002411 4500 | ||
|---|---|---|---|
| 001 | rc\2219088 | ||
| 005 | 20250623102718.0 | ||
| 035 | _a(NLR Aleph) 006720405 | ||
| 090 |
_a5437344 _c5437344 |
||
| 100 | _a20110829d1978 |||y0rusy50 ca | ||
| 101 | 0 | _arus | |
| 102 | _aRU | ||
| 105 | _ay z ||||| | ||
| 200 | 1 | _aСистематика насекомых | |
| 210 |
_d1978 _aБ. м. |
||
| 215 | _a159 с. | ||
| 320 | _aБиблиогр.: с. 152-157 | ||
| 461 | 0 |
_1001rc\2219087 _12001#$aРуководство к Большому практикуму по энтомологии$fПод ред. проф. Г.А. Мазохина-Поршнякова. Ч. 1-$gМоск. гос. ун-т им. М.В. Ломоносова$vЧ. 1 _95437338 _cМосква _d1978 _fПод ред. проф. Г.А. Мазохина-Поршнякова. Ч. 1- _nБ. и. _tРуководство к Большому практикуму по энтомологии _vЧ. 1 |
|
| 801 | 0 |
_aRU _bNLR _gpsbo |
|
| 801 | 1 |
_aRU _bELAR _2rusmarc |
|
| 852 |
_aNLR _j78-5/1764 |
||
| 942 | _cBOOK | ||
| 980 | _aNB | ||